| 000 | 00562nam a2200181Ia 4500 | ||
|---|---|---|---|
| 008 | 240729s9999 xx 000 0 und d | ||
| 022 | _a2405-819X | ||
| 245 | 0 | _aInternational Journal of the Cardiovascular Academy | |
| 260 | _aTürkiye | ||
| 260 | _bGalenos Publishing House | ||
| 650 | _a Diseases of the circulatory (Cardiovascular) system | ||
| 650 | _a Internal medicine | ||
| 650 | _a Specialties of internal medicine | ||
| 650 | _aMedicine | ||
| 856 | _uhttps://doaj.org/toc/56fab71ed4514623b2425c165b5f2877 | ||
| 942 | _2ddc | ||
| 942 | _cDOAJEJ | ||
| 999 |
_c69433 _d69433 |
||
| 945 |
_a1 _bMadushi Gamage _c1 _dMadushi Gamage |
||